25 Greatest Horror Movies Quiz Stats

 Plays Quiz not verified by Sporcle

Challenge
Share
Tweet
Embed
Score 0/25 Timer 10:00
0 Plays Today
Rank Title % Correct
6.Halloween (1978)
87.2%
2.The Exorcist
77.6%
3.Psycho (1960)
72.3%
4.The Shining
68%
1.The Texas Chain Saw Massacre
66.5%
7.Alien
59.2%
11.Night of the Living Dead
56.7%
9.Dawn of the Dead
54.7%
8.Jaws
54.1%
12.Frankenstein (1931)
53.3%
5.The Thing (1982)
51.8%
19.The Omen (1976)
43.4%
18.Rosemary's Baby
42.8%
Rank Title % Correct
23.Carrie
40.2%
20.Bride of Frankenstein
31.8%
15.The Blair Witch Project
28.1%
13.An American Werewolf in London
28%
10.Suspiria
26.6%
16.The Haunting (1963)
25.7%
17.The Wicker Man (1973)
17%
24.Freaks
16.4%
21.Don't Look Now
15.6%
22.Peeping Tom
14.4%
14.The Innocents
11.1%
25.The Devil's Backbone
5.6%

You're not logged in!

Compare scores with friends on all Sporcle quizzes.
OR
Log In

You Might Also Like...

Show Comments

Extras

Top Quizzes Today


Score Distribution

Your Account Isn't Verified!

In order to create a playlist on Sporcle, you need to verify the email address you used during registration. Go to your Sporcle Settings to finish the process.

Report this User

Report this user for behavior that violates our Community Guidelines.

Details: